|
|
|
|
| LEADER |
00000nam0a2200000 4500 |
| 001 |
676206 |
| 005 |
20241125113359.0 |
| 010 |
|
|
|a 978-5-389-13077-7
|
| 090 |
|
|
|a 676206
|
| 100 |
|
|
|a 20241101d2017 m||y0rusy50 ca
|
| 101 |
1 |
|
|a rus
|c eng
|
| 102 |
|
|
|a RU
|
| 105 |
|
|
|a a z 000ay
|
| 181 |
|
0 |
|a i
|b e
|
| 182 |
|
0 |
|a n
|
| 183 |
|
0 |
|a nc
|2 RDAcarrier
|
| 200 |
1 |
|
|a Путешествие за счастьем. Почтовые открытки из Греции
|e роман
|f Виктория Хислоп
|g пер. с англ. Г. Крылова
|
| 203 |
|
|
|a Текст
|b визуальный
|c непосредственный
|
| 210 |
|
|
|a Москва
|c КоЛибри
|c Азбука-Аттикус
|d 2017
|
| 215 |
|
|
|a 432 с.
|c ил.
|
| 283 |
|
|
|a volume
|2 RDAcarrier
|
| 330 |
|
|
|a Элли Томас неделя за неделей получает на свой лондонский адрес открытки без имени отправителя. Поставлен только инициал "А.", и кому они предназначены, она тоже не знает. На открытках ясное небо, бирюзовое море — Греция, один вид ярче и привлекательнее другого. Проходит время, открытки перестают приходить. Но острое ощущение счастья, навеянное фантастическими картинами, — счастья и тайны одновременно — мешает ей жить по-прежнему. И Элли принимает решение — она берет билет до Афин... Новая книга Виктории Хислоп — украшенный фотографиями роман — навсегда запечатлевает в памяти это сказочное путешествие за счастьем.
|
| 606 |
1 |
|
|a Английская литература
|9 52454
|
| 610 |
1 |
|
|a художественная литература
|
| 610 |
1 |
|
|a романы
|
| 610 |
1 |
|
|a Греция
|
| 610 |
1 |
|
|a путешествия
|
| 675 |
|
|
|a 82
|v 4
|
| 700 |
|
1 |
|a Хислоп
|b В.
|g Виктория
|
| 702 |
|
1 |
|4 730
|a Крылов
|b Г.
|g Григорий
|
| 801 |
|
0 |
|a RU
|b 63413507
|c 20241101
|
| 942 |
|
|
|c BK
|